Anar al contingut

Выпускная квалификационная работа магистранта по направлению 15.04.02 «Технологические машины и оборудование» методические указания

Методические указания составлены на основании Федерального государственного образовательного стандарта высшего образования по направлению подготовки 15.04.02 – «Технологические машины и оборудование» и рабочей программы по Государственной итоговой аттестации....

Descripció completa

Guardat en:
Dades bibliogràfiques
Format: Книга
Idioma:Russian
Publicat: Ковров КГТА имени В. А. Дегтярева 2021
Accés en línia:https://e.lanbook.com/book/223721
https://e.lanbook.com/img/cover/book/223721.jpg
Etiquetes: Afegir etiqueta
Sense etiquetes, Sigues el primer a etiquetar aquest registre!
LEADER 01544nam0a2200229 i 4500
001 223721
003 RuSpLAN
005 20221220174152.0
008 221220s2021 ru gs 000 0 rus
040 |a RuSpLAN 
041 0 |a rus 
044 |a ru 
080 |a 621.22 
245 0 0 |a Выпускная квалификационная работа магистранта по направлению 15.04.02 «Технологические машины и оборудование»  |b методические указания 
260 |a Ковров  |b КГТА имени В. А. Дегтярева  |c 2021 
300 |a 60 с. 
504 |a Библиогр.: доступна в карточке книги, на сайте ЭБС Лань 
520 8 |a Методические указания составлены на основании Федерального государственного образовательного стандарта высшего образования по направлению подготовки 15.04.02 – «Технологические машины и оборудование» и рабочей программы по Государственной итоговой аттестации. 
521 8 |a Книга из коллекции КГТА имени В. А. Дегтярева - Инженерно-технические науки 
856 4 |u https://e.lanbook.com/book/223721 
856 4 8 |u https://e.lanbook.com/img/cover/book/223721.jpg 
953 |a https://e.lanbook.com/img/cover/book/223721.jpg 
Cannot write session to /tmp/vufind_sessions/sess_ok0df14gugvj3ofu7hbbqq6uul